Risk/benefit analysis in water resources planning and management /

Bibliographic Details
Corporate Authors: Engineering Foundation Conference on Risk/Benefit Analysis in Water Resources Planning and Management Pacific Grove, Calif., Universities Council on Water Resources
Other Authors: Haimes, Yacov Y.
Format: Conference Proceeding Book
Language:English
Published: New York : Plenum Press, [1981]
Subjects:

MARC

Tag First Indicator Second Indicator Subfields
LEADER 00000cam a2200000 a 4500
001 in00000080114
005 20151008055324.0
008 811008s1981 nyua b 10100 eng
010 |a  81017824  
020 |a 0306408848 
035 |a (OCoLC)07925728 
035 |9 AAJ3152AM 
039 0 |a 2  |b 3  |c 3  |d 3  |e 3 
040 |a DLC  |c DLC  |d OCL  |d TXA  |d UtOrBLW 
049 |a TXAM  |c [1442579] 
050 0 0 |a TC401  |b .E53 1980 
082 0 |a 333.91/15  |2 19 
111 2 |a Engineering Foundation Conference on Risk/Benefit Analysis in Water Resources Planning and Management  |d (1980 :  |c Pacific Grove, Calif.) 
245 1 0 |a Risk/benefit analysis in water resources planning and management /  |c edited by Yacov Y. Haimes. 
264 1 |a New York :  |b Plenum Press,  |c [1981] 
264 4 |c ©1981 
300 |a xi, 291 pages :  |b illustrations ;  |c 26 cm. 
336 |a text  |b txt  |2 rdacontent 
337 |a unmediated  |b n  |2 rdamedia 
338 |a volume  |b nc  |2 rdacarrier 
500 |a "Proceedings of an UCOWR-sponsored Engineering Foundation Conference on Risk/Benefit Analysis in Water Resources Planning and Management held at the Asilomar Conference Grounds, Pacific Grove, California, September 21-26, 1980"--Title page verso. 
504 |a Includes bibliographies and index. 
650 0 |a Water resources development  |v Congresses. 
650 0 |a Risk  |v Congresses. 
650 0 |a Decision making  |v Congresses. 
650 0 |a Technology assessment  |v Congresses. 
700 1 |a Haimes, Yacov Y. 
710 2 |a Universities Council on Water Resources. 
999 |a MARS 
999 f f |s ae04c264-40e5-3ffc-8757-9b7d1f9186b1  |i f248681a-2272-3a77-b0a3-3bbcbcc1ab87  |t 0 
952 f f |p ric  |a Texas A&M University  |b Rellis Campus  |c Joint Library Facility  |d Remote Storage  |t 0  |e TC401 .E53 1980  |h Library of Congress classification  |i unmediated -- volume  |m A14806244374 
998 f f |a TC401 .E53 1980  |t 0  |l Remote Storage